000 00934nam a2200265Ia 4500
003 OSt
005 20221005110807.0
006 a|||||r|||| 00| 0
007 ta
008 221004b |||||||| |||| 00| 0 hin d
020 _a9788126725236 (hbk)
_c250
024 _a13510
037 _bBR7988, 13/03/2014, Rajkamal Prakashan Pvt. Ltd.
_cTextual
040 _aCRL
_cCRL
_bhin
041 _2hin
_ahin
082 _aO152,3N121,PA, Q4
100 _aअग्रवाल, केदारनाथ
245 0 _aपतिया
246 _aPatiyā
260 _aनई दिल्ली
_bराजकमल प्रकाशन भारत
_c2014
300 _a111पृ0
_ccm.
650 _aहिन्दी कहानी
942 _hO152,3N121,PA, Q4
_cTEXL
_2cc
999 _c1019912
_d1019912